Ordenanzas fiscales / Diputación Provincial de Barcelona
Descripción Física:
164 p. ; 22 cm
MARC
| LEADER | 00000nam a2200000Ia 4500 | ||
|---|---|---|---|
| 001 | 9960 | ||
| 008 | 160829s1953 xx 000 0 cat d | ||
| 080 | |a M-3-373 | ||
| 110 | 1 | |a Barcelona (Catalunya : Província). |b Diputació |9 52408 | |
| 245 | |a Ordenanzas fiscales / Diputación Provincial de Barcelona | ||
| 260 | |a Barcelona : |b Impr. Casa Caritat, |c 1953 | ||
| 300 | |a 164 p. ; |c 22 cm | ||
| 590 | |a Hi ha un duplicat: DUP-33 | ||
| 650 | 0 | |a Impostos locals |x Barcelona (Catalunya : Província) |9 22985 | |
| 901 | |a Arxiu | ||
| 942 | |n 1 | ||
| 952 | |0 0 |1 0 |4 0 |6 M3373 |7 1 |9 42426 |a Arxiu |b Arxiu |d 2016-12-01 |l 0 |o M-3-373 |p 9960 |r 2016-12-01 00:00:00 |w 2016-12-01 |y ARXIU | ||
| 999 | |c 44931 |d 44931 | ||